[Event "AUTO-OPEN-910"]
[Site "http://www.queenalice.com/game.php?id=359359"]
[Date "2008.2.23"]
[Round "2"]
[White "mauricio_sm"]
[Black "Ednilson_Aioria"]
[Result "1/2-1/2"]
[WhiteElo "1825"]
[BlackElo "1927"]

1. e4 c5 2. Nf3 Nc6 3. Bb5 e6 4. Bxc6 bxc6 5. Nc3 d5 6. d3 Qc7 7. g3 Bd6 8. Bd2
Nf6 9. h3 h6 10. Qe2 O-O 11. e5 Bxe5 12. Qxe5 Qb7 13. b3 Nd7 14. Qe2 e5 15. O-O
f6 16. Kg2 Nb6 17. Qe1 a5 18. Qe3 d4 19. Qe4 dxc3 20. Bxc3 Nd5 21. Qc4 Qa7 22.
Bd2 Be6 23. Qh4 Qd7 24. Rfe1 Nb4 25. Bxb4 cxb4 26. Nd2 c5 27. Ne4 a4 28. Nxc5
Qc6+ 29. Ne4 f5 30. f3 fxe4 1/2-1/2

[Event "AUTO-OPEN-910"]
[Site "http://www.queenalice.com/game.php?id=359360"]
[Date "2008.2.23"]
[Round "2"]
[White "Ednilson_Aioria"]
[Black "mauricio_sm"]
[Result "1-0"]
[WhiteElo "1959"]
[BlackElo "1697"]

1. e4 e5 2. Nf3 d6 3. d4 Bg4 4. dxe5 Bxf3 5. Qxf3 dxe5 6. Bc4 Qf6 7. Qb3 b6 8.
Nc3 c6 9. Be3 Nd7 10. O-O-O Bc5 11. Bxf7+ Qxf7 12. Qxf7+ Kxf7 13. Rxd7+ Kf8 14.
Bxc5+ bxc5 15. Rhd1 Ke8 16. Rxg7 Rd8 17. Rxa7 Rxd1+ 18. Nxd1 Kf8 19. Ne3 Nf6 20.
Ra8+ Kg7 21. Nf5+ Kf7 22. Rxh8 Kg6 23. Ne7+ Kf7 24. Nxc6 Nxe4 25. Nxe5+ Kg7 26.
Rc8 Nxf2 27. Rxc5 Ne4 28. Nd3 Nxc5 29. Nxc5 1-0

[Event "AUTO-INT-677"]
[Site "http://www.queenalice.com/game.php?id=401565"]
[Date "2008.5.11"]
[Round "3"]
[White "ignacius"]
[Black "Ednilson_Aioria"]
[Result "1-0"]
[WhiteElo "2025"]
[BlackElo "1987"]

1. d4 Nf6 2. c4 e6 3. Nf3 d5 4. cxd5 exd5 5. g3 Bd6 6. Nc3 O-O 7. Bg2 c6 8. Qc2
Re8 9. O-O Bg4 10. Re1 b6 11. e4 Nxe4 12. Nxe4 dxe4 13. Ng5 Bf5 14. Nxe4 Be7 15.
Qc3 a5 16. a3 Be6 17. Be3 Qd7 18. Ng5 Bd5 19. Qd3 Bxg5 20. Bxg5 Bxg2 21. Rxe8+
Qxe8 22. Kxg2 f6 23. Be3 Ra7 24. Qb3+ Qf7 25. Qxb6 1-0

[Event "AUTO-INT-677"]
[Site "http://www.queenalice.com/game.php?id=401566"]
[Date "2008.5.11"]
[Round "3"]
[White "Ednilson_Aioria"]
[Black "ignacius"]
[Result "0-1"]
[WhiteElo "2003"]
[BlackElo "2009"]

1. e4 e6 2. d4 c5 3. Nf3 cxd4 4. Nxd4 Bc5 5. Nb3 Bb6 6. Nc3 Qf6 7. f3 a6 8. Be2
Nc6 9. g3 Nd4 10. Na4 e5 11. Nxb6 Qxb6 12. Nxd4 Qxd4 13. Qxd4 exd4 14. b3 Ne7
15. Bb2 Nc6 16. O-O-O O-O 17. Bxd4 Nxd4 18. Rxd4 b5 19. Rhd1 Rb8 20. Bf1 Rb7 21.
Bh3 Rd8 22. f4 Kf8 23. Kb2 Ke7 24. Kc3 Rc7+ 25. Kb2 f6 26. Bf1 Bb7 27. c4 b4 28.
c5 a5 29. Bb5 Bc6 0-1

[Event "AUTO-OPEN-928"]
[Site "http://www.queenalice.com/game.php?id=404111"]
[Date "2008.5.16"]
[Round "2"]
[White "arvo1938"]
[Black "Ednilson_Aioria"]
[Result "1-0"]
[WhiteElo "2025"]
[BlackElo "2018"]

1. d4 Nf6 2. c4 e6 3. Nf3 b6 4. Nc3 Bb4 5. a3 Bxc3+ 6. bxc3 Bb7 7. Bg5 O-O 8. e3
h6 9. Bxf6 Qxf6 10. Be2 Qf5 11. O-O d6 12. Bd3 Qa5 13. Qc2 Bxf3 14. gxf3 c6 15.
f4 Qh5 16. f3 Rc8 17. Qg2 c5 18. e4 Nd7 19. Qg4 Nf6 20. Qxh5 Nxh5 21. f5 exf5
22. exf5 1-0

[Event "AUTO-OPEN-928"]
[Site "http://www.queenalice.com/game.php?id=404112"]
[Date "2008.5.16"]
[Round "2"]
[White "Ednilson_Aioria"]
[Black "arvo1938"]
[Result "0-1"]
[WhiteElo "2035"]
[BlackElo "2008"]

1. e4 c5 2. Nf3 d6 3. d4 cxd4 4. Nxd4 Nf6 5. Nc3 a6 6. a4 Nc6 7. Be2 e5 8. Nb3
Be7 9. O-O Nb4 10. Bg5 h6 11. Bh4 Bd7 12. Bxf6 gxf6 13. Bf3 f5 14. exf5 Bxf5 15.
Bxb7 Ra7 16. Be4 Bxe4 17. Nxe4 h5 18. Qd2 a5 19. c3 Nc6 20. Qd5 Qb6 21. Nxd6+
Bxd6 22. Qxd6 Rd7 0-1

[Event "QA-ANNIV-04"]
[Site "http://www.queenalice.com/game.php?id=418462"]
[Date "2008.6.16"]
[Round "1"]
[White "Undertaker"]
[Black "Ednilson_Aioria"]
[Result "0-1"]
[WhiteElo "1790"]
[BlackElo "2029"]

1. e4 c5 2. Nf3 Nc6 3. Nc3 g6 4. Bc4 Bg7 5. Ng5 Ne5 6. Bd5 e6 7. f4 exd5 8. Nxd5
Nc6 9. c3 Nge7 10. d3 f6 11. Nf3 Nxd5 12. exd5 Ne7 13. Qe2 O-O 14. c4 Re8 15.
O-O Nxd5 16. Qf2 Nb4 17. Qxc5 Bf8 18. Qf2 Nxd3 19. Qg3 Nxc1 20. Raxc1 Qb6+ 21.
Kh1 Qxb2 22. f5 g5 23. h4 h6 24. hxg5 hxg5 25. Ra1 b6 26. Rfd1 Bb7 27. Nh2 Re2
28. Ng4 Bxg2+ 29. Kg1 Bc5+ 30. Kh2 Bf3+ 31. Kh3 Bxg4+ 32. Kxg4 Rg2 33. Kh3 Rxg3+
34. Kxg3 Re8 35. Rab1 Qf2+ 36. Kg4 Re4+ 37. Kh5 Qh4+ 38. Kg6 Qh7+ 39. Kxf6 Qg7#
0-1

[Event "AUTO-INT-676"]
[Site "http://www.queenalice.com/game.php?id=425999"]
[Date "2008.7.1"]
[Round "2"]
[White "Dean20"]
[Black "Ednilson_Aioria"]
[Result "0-1"]
[WhiteElo "1483"]
[BlackElo "2040"]

1. d4 Nf6 2. c4 e6 3. Nc3 Bb4 4. Qb3 Nc6 5. Nf3 Bxc3+ 6. Qxc3 d5 7. e3 O-O 8.
Bd3 Re8 9. O-O Nd7 10. Re1 e5 11. e4 dxc4 12. Bxc4 exd4 13. Nxd4 Nde5 14. Nxc6
Nxc6 15. b3 Ne5 0-1

[Event "AUTO-INT-676"]
[Site "http://www.queenalice.com/game.php?id=426000"]
[Date "2008.7.1"]
[Round "2"]
[White "Ednilson_Aioria"]
[Black "Dean20"]
[Result "1-0"]
[WhiteElo "2042"]
[BlackElo "1481"]

1. e4 e5 2. Nf3 Nc6 3. Bc4 h6 4. O-O Nf6 5. Nc3 d6 6. h3 Be7 7. a3 O-O 8. d3 Bd7
9. Re1 Na5 10. Ba2 c5 11. Be3 Bc6 12. Nh4 Qb6 13. b4 Rab8 14. bxa5 Qxa5 15. Bd2
1-0